Cloud security and privacy : (Record no. 218178)
[ view plain ]
| 000 -LEADER | |
|---|---|
| fixed length control field | 01532 a2200325 4500 |
| 003 - CONTROL NUMBER IDENTIFIER | |
| control field | Nust |
| 005 - DATE AND TIME OF LATEST TRANSACTION | |
| control field | 20221018182911.0 |
| 010 ## - LIBRARY OF CONGRESS CONTROL NUMBER | |
| LC control number | 2010281455 |
| 020 ## - INTERNATIONAL STANDARD BOOK NUMBER | |
| International Standard Book Number | 0596802765 (pbk.) |
| 020 ## - INTERNATIONAL STANDARD BOOK NUMBER | |
| International Standard Book Number | 9780596802769 (pbk.) |
| 035 ## - SYSTEM CONTROL NUMBER | |
| System control number | (OCoLC)ocn419866951 |
| 040 ## - CATALOGING SOURCE | |
| Transcribing agency | Nust |
| 082 04 - DEWEY DECIMAL CLASSIFICATION NUMBER | |
| Classification number | 005.8,MAT |
| 100 1# - MAIN ENTRY--PERSONAL NAME | |
| Personal name | Mather, Tim. |
| 9 (RLIN) | 100705 |
| 245 10 - TITLE STATEMENT | |
| Title | Cloud security and privacy : |
| Remainder of title | An enterprise perspective on risks and compliance / |
| Statement of responsibility, etc. | Tim Mather, Subra Kumaraswamy, and Shahed Latif. |
| 250 ## - EDITION STATEMENT | |
| Edition statement | 1st ed. |
| 260 ## - PUBLICATION, DISTRIBUTION, ETC. | |
| Place of publication, distribution, etc. | Beijing ; |
| -- | Cambridge [Mass.] : |
| Name of publisher, distributor, etc. | O'Reilly, |
| Date of publication, distribution, etc. | c2009. |
| 300 ## - PHYSICAL DESCRIPTION | |
| Extent | xvii, 312 p. : |
| Other physical details | ill. ; |
| Dimensions | 24 cm. |
| 490 1# - SERIES STATEMENT | |
| Series statement | Theory in practice |
| 505 0# - FORMATTED CONTENTS NOTE | |
| Formatted contents note | Introduction (Page-1), What Is Cloud Computing? (Page-7), Data Security and Storage (Page-61), Identity and Access Management (Page-73), Security Management in the Cloud (Page-109), Privacy (Page-145), Audit and Compliance (Page-167), Examples of Cloud Service Providers (Page-203), Security-As-a-[Cloud] Service (Page-217), The Impact of Cloud Computing on the Role of Corporate IT (Page-225), Conclusion, and the Future of the Cloud (Page-239) . |
| 650 #0 - SUBJECT ADDED ENTRY--TOPICAL TERM | |
| Topical term or geographic name entry element | Cloud computing |
| General subdivision | Security measures. |
| 9 (RLIN) | 95195 |
| 650 #0 - SUBJECT ADDED ENTRY--TOPICAL TERM | |
| Topical term or geographic name entry element | Cloud Computing. |
| 650 #0 - SUBJECT ADDED ENTRY--TOPICAL TERM | |
| Topical term or geographic name entry element | Computer networks |
| General subdivision | Security measures. |
| 9 (RLIN) | 466 |
| 650 #0 - SUBJECT ADDED ENTRY--TOPICAL TERM | |
| Topical term or geographic name entry element | Computersicherheit. |
| 9 (RLIN) | 94105 |
| 650 #0 - SUBJECT ADDED ENTRY--TOPICAL TERM | |
| Topical term or geographic name entry element | Sicherheitsmassnahme. |
| 9 (RLIN) | 100706 |
| 700 1# - ADDED ENTRY--PERSONAL NAME | |
| Personal name | Kumaraswamy, Subra. |
| 9 (RLIN) | 100707 |
| 700 1# - ADDED ENTRY--PERSONAL NAME | |
| Personal name | Latif, Shahed. |
| 9 (RLIN) | 100708 |
| 830 #0 - SERIES ADDED ENTRY--UNIFORM TITLE | |
| Uniform title | Theory in practice (Sebastopol, Calif.) |
| 9 (RLIN) | 100709 |
| 942 ## - ADDED ENTRY ELEMENTS (KOHA) | |
| Source of classification or shelving scheme | |
| Koha item type | Book |
| Call number prefix | 005.8,MAT |
| Withdrawn status | Lost status | Source of classification or shelving scheme | Damaged status | Not for loan | Permanent Location | Current Location | Shelving location | Date acquired | Total Checkouts | Full call number | Barcode | Date last seen | Date last checked out | Price effective from | Koha item type | Public note |
|---|---|---|---|---|---|---|---|---|---|---|---|---|---|---|---|---|
| Military College of Signals (MCS) | Military College of Signals (MCS) | General Stacks | 12/12/2016 | 2 | 005.8,MAT | MCS37460 | 02/15/2024 | 01/08/2024 | 12/12/2016 | Book | Almirah No.9, Shelf No.1 |
